000 00601nam a2200181 a 4500
001 000034240
005 20200930070909.0
008 110928s1979 dr a 000 0 spa d
040 _aDO-SdBNP
_bspa
_cBNPHU
100 1 _aAristy, Eduardo Rosas
_959657
245 1 0 _aHacia un nuevo enfoque del diseño arquitectónico /
_cEduardo Rosas Aristy ; prólogo Leopoldo A. Espaillat N.
260 _aSantiago, República Dominicana :
_bUCMM
_bEditora Taller,
_c1979.
300 _a187 ;
_c24 cm.
490 1 _aTextos
700 1 _aEspaillat N., Leopoldo A.
_959658
830 0 _aTextos
_914460
049 _aBNPD
999 _c33731
_d33731